Tribhuvan University Central Library

Style in Hamlet (Record no. 57650)

MARC details
000 -LEADER
fixed length control field 00494 a2200193 4500
020 ## - INTERNATIONAL STANDARD BOOK NUMBER
International Standard Book Number 691-06148-3
041 ## - LANGUAGE CODE
Language code of text/sound track or separate title Eng
082 ## - DEWEY DECIMAL CLASSIFICATION NUMBER
Classification number 822.33
Item number Sh188c
100 ## - MAIN ENTRY--PERSONAL NAME
Personal name Charney, Maurice
245 ## - TITLE STATEMENT
Title Style in Hamlet
260 ## - PUBLICATION, DISTRIBUTION, ETC.
Place of publication, distribution, etc. Princeton (N.J.)
Name of publisher, distributor, etc. Preinceton Univ. Press
Date of publication, distribution, etc. 1969
300 ## - PHYSICAL DESCRIPTION
Extent xxii, 333p.
650 ## - SUBJECT ADDED ENTRY--TOPICAL TERM
Topical term or geographic name entry element English drama
9 (RLIN) 11399
650 ## - SUBJECT ADDED ENTRY--TOPICAL TERM
Topical term or geographic name entry element Literary criticism
9 (RLIN) 676
650 ## - SUBJECT ADDED ENTRY--TOPICAL TERM
Topical term or geographic name entry element Literary history
9 (RLIN) 11298
653 ## - INDEX TERM--UNCONTROLLED
Uncontrolled term English literature
942 ## - ADDED ENTRY ELEMENTS (KOHA)
Source of classification or shelving scheme Dewey Decimal Classification
Koha item type General Collections
518 ## - DATE/TIME AND PLACE OF AN EVENT NOTE
-- 2067-11-3
Holdings
Withdrawn status Lost status Source of classification or shelving scheme Damaged status Not for loan Home library Current library Date acquired Total Checkouts Full call number Barcode Date last seen Price effective from Koha item type
    Dewey Decimal Classification     Tribhuvan University Central Library Tribhuvan University Central Library 02/15/2011   822.33 Sh188c 51708 02/15/2011 02/15/2011 General Collections